Zázračná imunita : pochopte fungování imunitního systému a zlepšete své zdraví /
Fascinující příběh imunologie plný náhod a kontroverzí, lemovaný jednou Nobelovou cenou za druhou.
Uloženo v:
| Hlavní autor: | |
|---|---|
| Další autoři: | |
| Médium: | E-kniha |
| Jazyk: | Czech |
| Vydáno: |
V Brně :
Jan Melvil Publishing,
2023
|
| Vydání: | Vydání první |
| Edice: | Pod povrchem
|
| Témata: | |
| On-line přístup: | Plný text |
| Tagy: |
Žádné tagy |
| LEADER | 02250nam a2200553 i 4500 | ||
|---|---|---|---|
| 001 | 311886 | ||
| 003 | CZ PrSKC | ||
| 005 | 20260601215713.0 | ||
| 007 | ta | ||
| 008 | 230329s2023 xr ach e f 001 0 cze | ||
| 015 | |a cnb003509441 | ||
| 020 | |a 9788075551832 |q (brožováno) | ||
| 035 | |a (OCoLC)1378695848 | ||
| 040 | |a BOA001 |b cze |e rda | ||
| 041 | 1 | |a cze |h eng | |
| 072 | 7 | |a 612 |x Fyziologie člověka a srovnávací fyziologie |2 Konspekt | |
| 080 | |a 616-097-092.19+577.27 |2 MRF | ||
| 080 | |a 612.017 |2 MRF | ||
| 080 | |a (0.062) |2 MRF | ||
| 080 | |a (0:82-32) |2 MRF | ||
| 100 | 1 | |a Richtel, Matt, |d 1966- |7 mzk20231183534 |4 aut | |
| 240 | 1 | 0 | |a Elegant defense. |l Česky |
| 245 | 1 | 0 | |a Zázračná imunita : |b pochopte fungování imunitního systému a zlepšete své zdraví / |c Matt Richtel ; překlad Aleš Drobek |
| 250 | |a Vydání první | ||
| 264 | 1 | |a V Brně : |b Jan Melvil Publishing, |c 2023 | |
| 300 | |a 359 stran : |b ilustrace, portréty, faksimile ; |c 23 cm | ||
| 336 | |a text |b txt |2 rdacontent | ||
| 337 | |a bez média |b n |2 rdamedia | ||
| 338 | |a svazek |b nc |2 rdacarrier | ||
| 490 | 1 | |a Pod povrchem | |
| 500 | |a Přeloženo z angličtiny | ||
| 500 | |a Obsahuje rejstřík | ||
| 520 | 2 | |a Fascinující příběh imunologie plný náhod a kontroverzí, lemovaný jednou Nobelovou cenou za druhou. | |
| 650 | 0 | 7 | |a imunologie |7 ph121051 |2 czenas |
| 650 | 0 | 7 | |a imunita (lékařství) |7 ph137721 |2 czenas |
| 650 | 0 | 9 | |a immunology |2 eczenas |
| 650 | 0 | 9 | |a immunity |2 eczenas |
| 655 | 7 | |a populárně-naučné publikace |7 fd131864 |2 czenas | |
| 655 | 7 | |a příběhy |7 fd133204 |2 czenas | |
| 655 | 9 | |a popular works |2 eczenas | |
| 655 | 9 | |a stories |2 eczenas | |
| 700 | 1 | |a Drobek, Aleš, |d 1977- |7 xx0031474 |4 trl | |
| 830 | 0 | |a Pod povrchem | |
| 856 | 4 | 1 | |u https://www.bookport.cz/kniha/zazracna-imunita-11706/ |y Plný text |4 N |
| 900 | |a ABA001 |b 20 | ||
| 044 | |a xr | ||
| 910 | |a RBIT002 | ||
| 998 | |d 371614 |a https://core.palmknihy.cz/api/books/371614/cover?rryvdd |b https://core.palmknihy.cz/api/books/371614/cover/400?rryvdd |c https://core.palmknihy.cz/api/books/371614/cover/50?rryvdd |e |g 360 |i 9788075551832 |j https://core.palmknihy.cz/api/books/371614/preview.epub |l |q 49 |r 1 |s https://www.palmknihy.cz/kniha/371614 |t ebook |y 2023 |z 0 | ||
| 999 | |d 311884 | ||